PASCALE AURAIX-JONCHIÈRE (éd.), « Ô saisons, Ô châteaux ». Châteaux et littérature des Lumières à l’aube de la Modernité (1764-1914). Clermont-Ferrand, Presses Universitaires Blaise Pascal, 2004. Un vol. de 385 p. (notice n° 1654195)

détails MARC
000 -LEADER
fixed length control field 01396cam a2200157 4500500
005 - DATE AND TIME OF LATEST TRANSACTION
control field 20260208005856.0
041 ## - LANGUAGE CODE
Language code of text/sound track or separate title fre
042 ## - AUTHENTICATION CODE
Authentication code dc
100 10 - MAIN ENTRY--PERSONAL NAME
Personal name Rasson, Luc
Relator term author
245 00 - TITLE STATEMENT
Title PASCALE AURAIX-JONCHIÈRE (éd.), « Ô saisons, Ô châteaux ». Châteaux et littérature des Lumières à l’aube de la Modernité (1764-1914). Clermont-Ferrand, Presses Universitaires Blaise Pascal, 2004. Un vol. de 385 p.
260 ## - PUBLICATION, DISTRIBUTION, ETC.
Date of publication, distribution, etc. 2006.<br/>
500 ## - GENERAL NOTE
General note 35
520 ## - SUMMARY, ETC.
Summary, etc. Les deux personnages d’amateurs d’art que sont la marquise de Cambremer et sa belle-fille Mme de Cambremer-Legrandin semblent construits en opposition, en fonction de la conception proustienne du temps et de l’histoire de l’art. L’ironie satirique ridiculise et analyse les contradictions du snobisme et de l’avant-gardisme de la bru, coupable de dénier le passé, tant personnel qu’artistique. Mais la vieille marquise, qui pourrait apparaître comme le support de la norme satirique, fait l’objet d’un traitement comique ambigu. L’article se propose donc d’examiner les rôles complexes de l’ironie et de l’humour dans le traitement de ces deux personnages.
786 0# - DATA SOURCE ENTRY
Note Revue d'histoire littéraire de la France | 106 | 3 | 2006-08-01 | p. 709m-755m | 0035-2411
856 41 - ELECTRONIC LOCATION AND ACCESS
Uniform Resource Identifier <a href="https://shs.cairn.info/revue-d-histoire-litteraire-de-la-france-2006-3-page-709m?lang=fr&redirect-ssocas=7080">https://shs.cairn.info/revue-d-histoire-litteraire-de-la-france-2006-3-page-709m?lang=fr&redirect-ssocas=7080</a>

Pas d'exemplaire disponible.

PLUDOC

PLUDOC est la plateforme unique et centralisée de gestion des bibliothèques physiques et numériques de Guinée administré par le CEDUST. Elle est la plus grande base de données de ressources documentaires pour les Étudiants, Enseignants chercheurs et Chercheurs de Guinée.

Adresse

627 919 101/664 919 101

25 boulevard du commerce
Kaloum, Conakry, Guinée

Réseaux sociaux

Powered by Netsen Group @ 2025